[Event "GER-ch Net qual3 U18"]
[Site "Playchess.com INT"]
[Date "2009.05.17"]
[Round "3"]
[White "Karthaeuser, Johannes"]
[Black "Zuferi, Enis"]
[Result "1-0"]
[WhiteElo "1701"]
[BlackElo "1968"]
[PlyCount "61"]
[EventDate "2009.05.17"]
[EventType "swiss (blitz)"]
[EventRounds "7"]
[EventCountry "GER"]
[SourceTitle "CBM 130 Extra"]
[Source "ChessBase"]
[SourceDate "2009.07.02"]
[SourceVersion "2"]
[SourceVersionDate "2009.07.15"]
[SourceQuality "1"]

1. e4 c5 2. c3 d5 3. exd5 Qxd5 4. d4 Nc6 5. Nf3 Bg4 6. dxc5 Qxd1+ 7. Kxd1 e5 8. b4 e4 9. h3 Bxf3+ 10. gxf3 exf3 11. Nd2 0-0-0 12. Kc2 a5 13. a3 axb4 14. axb4 Ne5 15. Bb2 Nf6 16. Bb5 Nfd7 17. Ne4 Nb8 18. Rhe1 Nbc6 19. Ng5 f6 20. Ne4 Be7 21. Ng3 Rhe8 22. Nf5 Bf8 23. Bc1 g6 24. Ne3 Rd7 25. Ra8+ Nb8 26. Bxd7+ Nexd7 27. Rd1 Ne5 28. Nd5 Bg7 29. Bf4 Re6 30. Nb6+ Kc7 31. Rxb8 1-0

[Event "Duesseldorf Nord Cup 7th GrD"]
[Site "Duesseldorf"]
[Date "2007.08.12"]
[Round "4"]
[White "Fichtner, Ewald"]
[Black "Karthaeuser, Johannes"]
[Result "1-0"]
[WhiteElo "1525"]
[BlackElo "1539"]
[PlyCount "119"]
[EventDate "2007.08.10"]
[EventType "tourn"]
[EventRounds "5"]
[EventCountry "GER"]
[SourceTitle "EXT 2020"]
[Source "ChessBase"]
[SourceDate "2019.10.17"]
[SourceVersion "1"]
[SourceVersionDate "2019.10.17"]
[SourceQuality "1"]

1. e4 e6 2. Qe2 d5 3. exd5 Qxd5 4. Nc3 Qf5 5. Qb5+ Qxb5 6. Bxb5+ Bd7 7. Bxd7+ Kxd7 8. d3 Nc6 9. Bd2 Rd8 10. Nge2 Nf6 11. Ne4 Be7 12. Bc3 Kc8 13. 0-0-0 Nd5 14. a3 b5 15. Nd4 Nxc3 16. Nxc6 Nxd1 17. Nxd8 Rxd8 18. Rxd1 Rd5 19. c4 bxc4 20. dxc4 Re5 21. f3 f5 22. Nc3 Rc5 23. b3 Re5 24. a4 Re3 25. Kc2 Bf6 26. Rd3 Re1 27. Nb5 a6 28. Nd4 Ra1 29. Nxe6 Ra2+ 30. Kd1 Rxg2 31. Rd2 Rg1+ 32. Kc2 Rf1 33. f4 Rf3 34. Rd3 Rf1 35. Rd1 Rxd1 36. Kxd1 h6 37. h4 Bxh4 38. Nxg7 Bg3 39. Nh5 Bf2 40. Ke2 Bd4 41. Ng3 Bf6 42. Nxf5 h5 43. Kf3 Kd7 44. Ke4 Kc6 45. b4 Kb6 46. Nd4 c5 47. a5+ Kc7 48. Ne6+ Kc6 49. Nxc5 h4 50. Nxa6 h3 51. b5+ Kb7 52. Kf3 Bh4 53. Nc5+ Kb8 54. Ne6 h2 55. Kg2 Bg3 56. f5 Be5 57. Nd8 Bf6 58. Nc6+ Ka8 59. Kxh2 Kb7 60. Kg3 1-0